01177nam a2200289 a 4500001001000000005001700010008004100027041000800068044000700076084002100083100004500104245009000149260004600239300001700285500003200302500007400334500007000408500009800478500001100576546002500587650005200612650005600664650003400720650004500754700003800799740005000837BRCA_308920190320204115.0280109s1836----fr-#---###---#000-0#fre-u afre afr a396b.M373c18361 aCervantes Saavedra, Miguel ded1547-161610aHistoire de l´Incomparable Don Quichotte de la ManchecMiguel de Cervantes Saavedra. aParísbMarchands des Nouveautésc1836 a4 v.c15 cm. aContenido : Texto abreviado aEdición : Traduction nouvelle de l´Espagnol de Michel de Cervantes aEjemplar por completo igual al LO-395. Rústica Lúdovik Osterc aEstado físico : La encuadernación de esta edición es en papel y se encuentra maltratada aQM325B aTexto en : francés14aNovela españolayÉpoca clásica, 1500-170014aLiteratura españolayÉpoca clásica, 1500-170014aNovela españolaySiglo XVII14aDon Quijote (Personaje ficticio)eNovela1 aGrandmaison, M.G.F. deeTraductor0 aEl Ingenioso Hidalgo Don Quijote de la Mancha